| 000 | 01092cam a22003493a 4500 | ||
|---|---|---|---|
| 001 | 6942 | ||
| 003 | PGUSA | ||
| 005 | 20140828083138.0 | ||
| 008 | 040820s2004||||xxu|||||s|||||000 1 eng d | ||
| 040 |
_aPGUSA _beng |
||
| 042 | _adc | ||
| 050 | 4 | _aPR | |
| 100 | 1 |
_aScott, Walter, _d1771-1832 |
|
| 245 | 1 | 4 |
_aThe Heart of Mid-Lothian, Volume 1 _h[electronic resource] / _cWalter Scott |
| 260 |
_bProject Gutenberg, _c2004 |
||
| 506 | _aPublic domain in the USA. | ||
| 516 | _aElectronic text | ||
| 653 | _aPorteous Riots, 1736 -- Fiction | ||
| 653 | _aWomen prisoners -- Fiction | ||
| 653 | _aTrials (Murder) -- Fiction | ||
| 653 | _aSisters -- Fiction | ||
| 653 | _aHistorical fiction | ||
| 653 | _aLegal stories | ||
| 653 | _aPardon -- Fiction | ||
| 653 | _aWomen travelers -- Fiction | ||
| 653 | _aGreat Britain -- History -- George II, 1727-1760 -- Fiction | ||
| 653 | _aScotland -- History -- 18th century -- Fiction | ||
| 653 | _aScots -- England -- Fiction | ||
| 830 | 0 |
_aProject Gutenberg _v6942 |
|
| 856 | 4 | 0 | _uhttp://www.gutenberg.org/ebooks/6942 |
| 942 | _cEB | ||
| 999 |
_c236262 _d236262 |
||